00923nab a22001937a 4500003000400000005001700004008004100021040000700062100002300069245012700092260007300219300001300292500004400305505011400349505009000463650001200553650002400565773014000589OSt20250909102645.0190604e xxu||||| |||| 00| 0 spa d cPJ aGasipi, Pablo Luis13aEl DNU 1037/2024 modificó la ley 24.633 y redujo el sistema de vigilancia sobre bienes culturales / cPablo Luis Gasipi. aCiudad Autónoma de Buenos Aires :bThomson Reuters La Ley, c2025. ap. 60-68 aCita Online: TR LALEY AR/DOC/486/2025.  aSumario: I. Introducción.— II. Contexto de la ley 24.633.— III. El DNU 1037/2024.— IV. Conclusión.  t¿Te interesa el texto completo? Solicitalo al correo: koha@justierradelfuego.gov.ar  0aCULTURA 0aPATRIMONIO CULTURAL0 02714dCiudad Autónoma de Buenos Aires : Thomson Reuters La Ley, 2014-tRevista anales de legislación argentina. Nº 4 - Abril 2025.